00365 a2200145 4500003000400000005001700004008004100021020001800062040000900080082001500089100002300104245004700127260003700174300000800211OSt20231207150353.0231207b |||||||| |||| 00| 0 eng d a9789392938937 coclc a894bDIV/G aDivakaran, Shivani aGenderinu oru amukham /cShivani Divakaran aThrissur:bCurrent books,c2022. a58p